000 00642nam a2200241Ia 4500
003 OSt
005 20221007101123.0
006 a|||||r|||| 00| 0
007 ta
008 221006b |||||||| |||| 00| 0 eng d
024 _a5,871
037 _cTextual
040 _aLCO
_cLCO
_beng
041 _2eng
_aeng
082 _aZ2,7,41, L3
100 _aSRIVASTAVA R D
_9702619
245 0 _aThe law of Pleadings and Drafting.
260 _aAllahabad
_bCentral News Agency
_c1973
300 _a222
650 _aPLEADING & DRAFTING
_9702620
942 _hZ2,7,41, L3
_cTEXL
999 _c1175434
_d1175434